The Pearson Current Events Digest/ (Record no. 77092)
[ view plain ]
| 000 -LEADER | |
|---|---|
| fixed length control field | 00660nam a22001937a 4500 |
| 005 - DATE AND TIME OF LATEST TRANSACTION | |
| control field | 20130701151147.0 |
| 010 ## - LCCN (DPL NO) | |
| LC control number | B-508958-959 |
| 020 ## - INTERNATIONAL STANDARD BOOK NUMBER | |
| International Standard Book Number | 9788131787533 |
| Terms of availability | 125.00 |
| 035 ## - SYSTEM CONTROL NUMBER | |
| System control number | B-508940-941 |
| 037 ## - SOURCE OF ACQUISITION | |
| Stock number | dpl |
| Source of stock number/acquisition | KBD/Ven |
| 082 ## - DEWEY DECIMAL CLASSIFICATION NUMBER | |
| Classification number | 000 |
| 100 ## - MAIN ENTRY--PERSONAL NAME | |
| Personal name | Thorpe, Edgar |
| 245 ## - TITLE STATEMENT | |
| Title | The Pearson Current Events Digest/ |
| Statement of responsibility, etc | by Edgar Thorpe and Showick Thorpe |
| 260 ## - PUBLICATION, DISTRIBUTION, ETC. (IMPRINT) | |
| Place of publication, distribution, etc | New Delhi |
| Name of publisher, distributor, etc | Pearson |
| Date of publication, distribution, etc | 2011 |
| 270 ## - ADDRESS | |
| Address | 11 Commu8nity Centre, Panchsheel Park |
| City | New Delhi |
| Postal code | 110017 |
| 300 ## - PHYSICAL DESCRIPTION | |
| Extent | Various pages |
| Dimensions | 21cm(pbk) |
| 942 ## - ADDED ENTRY ELEMENTS (KOHA) | |
| Source of classification or shelving scheme | Dewey Decimal Classification |
| Item type | English Books |
| Classification part | 547.13 |
| Call number suffix | THO |
| Withdrawn status | Lost status | Not for loan | Collection code | Home library | Current library | Date acquired | Source of acquisition | Cost, normal purchase price | Full call number | Barcode | Copy number | Cost, replacement price | Koha item type |
|---|---|---|---|---|---|---|---|---|---|---|---|---|---|
| Non-fiction | Sarojini Nagar | Sarojini Nagar | 01/07/2013 | KBD/BL20/19.03.2013/171/08.01.2013/22.3.2013 | 125.00 | 547.13 THO | B-508958 | 1 | 125.00 | English Books | |||
| Non-fiction | Sarojini Nagar | Sarojini Nagar | 01/07/2013 | KBD/BL20/19.03.2013/171/08.01.2013/22.3.2013 | 125.00 | 547.13 THO | B-508959 | 1 | 125.00 | English Books |
